<?xml version="1.0" encoding="UTF-8"?>
<record
    xmlns:xsi="http://www.w3.org/2001/XMLSchema-instance"
    xsi:schemaLocation="http://www.loc.gov/MARC21/slim http://www.loc.gov/standards/marcxml/schema/MARC21slim.xsd"
    xmlns="http://www.loc.gov/MARC21/slim">

  <leader>00994nam a22002177a 4500</leader>
  <controlfield tag="003">IT-MiCISF</controlfield>
  <controlfield tag="005">20240605110332.0</controlfield>
  <controlfield tag="008">240605b        |||||||| |||| 00| 0 eng d</controlfield>
  <datafield tag="040" ind1=" " ind2=" ">
    <subfield code="c">IT-MiCISF</subfield>
  </datafield>
  <datafield tag="041" ind1=" " ind2=" ">
    <subfield code="a">it</subfield>
  </datafield>
  <datafield tag="100" ind1=" " ind2=" ">
    <subfield code="a">Dioguardi Ilaria (et al.)</subfield>
    <subfield code="9">60763</subfield>
  </datafield>
  <datafield tag="245" ind1=" " ind2=" ">
    <subfield code="a">Droga, apriamo gli occhi</subfield>
  </datafield>
  <datafield tag="250" ind1=" " ind2=" ">
    <subfield code="a">"Vita", n. 4, aprile</subfield>
  </datafield>
  <datafield tag="260" ind1=" " ind2=" ">
    <subfield code="c">2024</subfield>
  </datafield>
  <datafield tag="300" ind1=" " ind2=" ">
    <subfield code="a">pp. 19-76</subfield>
  </datafield>
  <datafield tag="500" ind1=" " ind2=" ">
    <subfield code="a">tossicodipendenza, adolescenza, giovani, servizi, associazioni, societ&#xE0;, esperienze</subfield>
  </datafield>
  <datafield tag="650" ind1=" " ind2=" ">
    <subfield code="a">Emarginazione / devianza</subfield>
  </datafield>
  <datafield tag="654" ind1=" " ind2=" ">
    <subfield code="a">dossier</subfield>
  </datafield>
  <datafield tag="700" ind1=" " ind2=" ">
    <subfield code="a">Riva M., Squillaci L., Sciortino B., Grosso L., Mazzi A., Lucchini A., Molinari P.</subfield>
    <subfield code="a">Sciortino G., Gatti R., Kelsay J., Feder S., Carpentieri G., Cicchi F., Cappella M., </subfield>
    <subfield code="a">Gallizzi R., Arcidiacono L., Cibin M., Rocca N., Ghidini G., Martellozzo A., </subfield>
    <subfield code="a">Peri G. Di Cintio V., Bernardini L., Taverna F., Cornaggia C., Salvati G., Ferrari M., </subfield>
    <subfield code="a">Palmieri C., Maggiolini A., Laffi S., Petrolini V., Lembke A.</subfield>
    <subfield code="9">60764</subfield>
  </datafield>
  <datafield tag="942" ind1=" " ind2=" ">
    <subfield code="2">ddc</subfield>
    <subfield code="c">CR</subfield>
  </datafield>
  <datafield tag="999" ind1=" " ind2=" ">
    <subfield code="c">360111</subfield>
    <subfield code="d">360113</subfield>
  </datafield>
  <datafield tag="952" ind1=" " ind2=" ">
    <subfield code="0">0</subfield>
    <subfield code="1">0</subfield>
    <subfield code="2">ddc</subfield>
    <subfield code="4">0</subfield>
    <subfield code="6">DG_122_000000000000000</subfield>
    <subfield code="7">1</subfield>
    <subfield code="a">CISF</subfield>
    <subfield code="b">CISF</subfield>
    <subfield code="d">2024-06-05</subfield>
    <subfield code="l">0</subfield>
    <subfield code="o">DG122</subfield>
    <subfield code="r">2024-06-05 11:03:44</subfield>
    <subfield code="w">2024-06-05</subfield>
    <subfield code="y">CR</subfield>
  </datafield>
</record>
